000 00776nam a2200181Ia 4500
008 090630s9999 xx 000 0 und d
082 _b22746
100 _aकुकडे सुमती / बडवे पूर्णिमा.
245 _aचाळीशीतला आहार.
_cकुकडे सुमती / बडवे पूर्णिमा.
260 _bदिलीपराज- पुणे.
_c2001
300 _a48
600 _aकुकडे सुमती / बडवे पूर्णिमा.
630 _aचाळीशीतला आहार.
655 _aइतर.
700 _aकुकडे सुमती / बडवे पूर्णिमा.
730 _aचाळीशीतला आहार.
942 _cBOOK
999 _c274602
_d274602